علم الاحياء الدقيقة الفموي / (رقم التسجيلة. 114157)

تفاصيل مارك
000 -LEADER
fixed length control field 00565nam a22001817a 4500
005 - DATE AND TIME OF LATEST TRANSACTION
control field 20251108174633.0
008 - FIXED-LENGTH DATA ELEMENTS--GENERAL INFORMATION
fixed length control field 250721s2009 xx 000 0 ara d
082 14 - DEWEY DECIMAL CLASSIFICATION NUMBER
Classification number 616.31/مشن
100 1# - MAIN ENTRY--PERSONAL NAME
Personal name المشني، يوسف
Relator term مؤلف
245 10 - TITLE STATEMENT
Title علم الاحياء الدقيقة الفموي /
264 1# - PRODUCTION, PUBLICATION, DISTRIBUTION, MANUFACTURE, AND COPYRIGHT NOTICE
Place of production, publication, distribution, manufacture عمان :
Name of producer, publisher, distributor, manufacturer دار المستقبل للنشر و التوزيع،
Date of production, publication, distribution, manufacture, or copyright notice 2009.
300 ## - PHYSICAL DESCRIPTION
Extent 145ص.
650 17 - SUBJECT ADDED ENTRY--TOPICAL TERM
Topical term or geographic name as entry element العضويات الدقيقه
650 17 - SUBJECT ADDED ENTRY--TOPICAL TERM
Topical term or geographic name as entry element الجراثيم
650 17 - SUBJECT ADDED ENTRY--TOPICAL TERM
Topical term or geographic name as entry element امراض الفم
942 ## - ADDED ENTRY ELEMENTS (KOHA)
Source of classification or shelving scheme Dewey Decimal Classification
Koha item type كتب
المقتنيات
حالة السحب حالة الفقدان مصدر التصنيف حالة التلف غير قابل للإعارة المكتبة الرئيسية المكتبة الحالية موقع الرف تاريخ التزويد الرقم المتسلسل Total Checkouts رقم الإستدعاء الباركود تاريخ آخر ظهور تاريخ الفاتورة نوع المادة (كوها)
    Dewey Decimal Classification     المكتبة المركزية المكتبة المركزية الإعارة 28/07/2025 1223684   616.31/مشن PLD00041186 28/07/2025 28/07/2025 كتب
    Dewey Decimal Classification     المكتبة المركزية المكتبة المركزية الإعارة 26/09/2016 1628625   616.31/مشن PLD00395877 28/07/2025 26/09/2016 كتب
    Dewey Decimal Classification     مكتبة أم قصير والمقابلين العامة مكتبة أم قصير والمقابلين العامة الإعارة 17/09/2008 1223693   616.31/مشن PLD00041412 28/07/2025 17/09/2008 كتب
    Dewey Decimal Classification     مكتبة الأميرة ايمان العامة مكتبة الأميرة ايمان العامة الإعارة 17/09/2008 1223685   616.31/مشن PLD00041403 28/07/2025 17/09/2008 كتب
    Dewey Decimal Classification     مكتبة الاميرة بديعة مكتبة الاميرة بديعة الإعارة 17/09/2008 1223688   616.31/مشن PLD00041407 28/07/2025 17/09/2008 كتب
    Dewey Decimal Classification     مكتبة الجويدة مكتبة الجويدة الإعارة 17/09/2008 1223689   616.31/مشن PLD00041408 28/07/2025 17/09/2008 كتب
    Dewey Decimal Classification     مكتبة الحسن العامة مكتبة الحسن العامة الإعارة 17/09/2008 1223690   616.31/مشن PLD00041409 28/07/2025 17/09/2008 كتب
    Dewey Decimal Classification     مكتبة النصر العامة مكتبة النصر العامة الإعارة 17/09/2008 1223695   616.31/مشن PLD00041414 28/07/2025 17/09/2008 كتب
    Dewey Decimal Classification     مكتبة صويلح العامة مكتبة صويلح العامة الإعارة 17/09/2008 1223686   616.31/مشن PLD00041404 28/07/2025 17/09/2008 كتب
    Dewey Decimal Classification     مكتبة وادي السير العامة مكتبة وادي السير العامة الإعارة 17/09/2008 1223694   616.31/مشن PLD00041413 28/07/2025 17/09/2008 كتب
    Dewey Decimal Classification     مكتبةمؤتة مكتبةمؤتة الإعارة 23/03/2011 1428518   616.31/مشن PLD00198510 28/07/2025 23/03/2011 كتب
Implemented & Customized by: BBB with SCIT (Smart Chains for Information Technology)

Powered by Koha